| 000 | 00701cam a2200241 a 4500 | ||
|---|---|---|---|
| 001 | 3826045 | ||
| 005 | 20171219035320.0 | ||
| 008 | 861009s1987 ctu 001 0 eng | ||
| 010 | _a 86051340 | ||
| 020 | _a0300039034 (alk. paper) | ||
| 020 | _a0300039042 (pbk.) | ||
| 040 |
_aDLC _cDLC _dDLC |
||
| 041 | _aeng | ||
| 043 | _an-us--- | ||
| 080 | _a940 | ||
| 082 | _2940 HUT | ||
| 100 | _a16 | ||
| 101 | _aHIS | ||
| 245 | 1 | 0 |
_aSupplement to Max Farrand's the Records of the federal convention of 1787 / _cJames H. Hutson, editor ; with the assistance of Leonard Rapport. |
| 906 |
_a7 _bcbc _corignew _d2 _eocip _f19 _gy-gencatlg |
||
| 942 |
_2ddc _cBK |
||
| 999 |
_c39136 _d39136 |
||